[Event "4NCL Division 3s"]
[Site "Daventry Court ENG"]
[Date "2014.01.12"]
[Round "4.67"]
[White "Emerson, Roger"]
[Black "Cumming, Rhys"]
[Result "1/2-1/2"]
[WhiteElo "2218"]
[BlackElo "2033"]
[PlyCount "108"]
[EventDate "2014.01.12"]
[WhiteTeam "Guildford 3"]
[BlackTeam "Sussex Smart Survivors 1"]

1. d4 Nf6 2. c4 g6 3. Nc3 d5 4. cxd5 Nxd5 5. e4 Nxc3 6. bxc3 Bg7 7. Be3 c5 8.
Qd2 Qa5 9. Rb1 cxd4 10. cxd4 Qxd2+ 11. Kxd2 O-O 12. Bb5 Rd8 13. Ne2 a6 14. Ba4
b5 15. Bb3 Bb7 16. f3 Nc6 17. Bd5 Na5 18. Bxb7 Nxb7 19. Rhc1 Rac8 20. Rxc8 Rxc8
21. Rc1 Rxc1 22. Nxc1 Na5 23. Nb3 Nc4+ 24. Kd3 Kf8 25. Bc1 a5 26. a4 bxa4 27.
Kxc4 axb3 28. Bb2 e6 29. Kb5 h5 30. Kxa5 Ke7 31. Kb4 Kd6 32. Kxb3 Bh6 33. Kc3
Be3 34. Kd3 Bg1 35. h3 Bf2 36. Bc3 Bg3 37. Bd2 f5 38. Bb4+ Kc6 39. Kc4 Bf4 40.
Be1 Be3 41. g4 hxg4 42. hxg4 Bg1 43. Bg3 Be3 44. Be5 Bg1 45. exf5 exf5 46. d5+
Kd7 47. gxf5 gxf5 48. Kd3 Bf2 49. Ke2 Bc5 50. Kf1 Bd6 51. f4 Bc5 52. Kg2 Bb6
53. Kg3 Bd8 54. Kh3 Be7 1/2-1/2

[Event "4NCL Division 3s"]
[Site "Daventry Court ENG"]
[Date "2014.01.12"]
[Round "4.68"]
[White "Higgs, Anthony RJ"]
[Black "Granat, Russell G"]
[Result "0-1"]
[WhiteElo "2001"]
[BlackElo "2184"]
[PlyCount "80"]
[EventDate "2014.01.12"]
[WhiteTeam "Sussex Smart Survivors 1"]
[BlackTeam "Guildford 3"]

1. Nc3 d5 2. e4 d4 3. Nce2 e5 4. Ng3 c5 5. Bc4 Nc6 6. Nf3 g6 7. d3 Be7 8. O-O
h5 9. Ne1 h4 10. Ne2 g5 11. g3 Bh3 12. Ng2 Qd7 13. f3 hxg3 14. hxg3 Bxg2 15.
Kxg2 Qh3+ 16. Kf2 Qh2+ 17. Ke1 Qg2 18. c3 Rd8 19. Qb3 Rh2 20. Ng1 Qxg3+ 21. Kd1
Qg2 22. Re1 Na5 23. Qa4+ Kf8 24. Ne2 Nxc4 25. Qxc4 Qxf3 26. Bd2 dxc3 27. bxc3
Qxd3 28. Qxd3 Rxd3 29. Kc2 c4 30. Rad1 g4 31. Nc1 Rd7 32. Re2 Rh3 33. Rg1 g3
34. Be1 Bh4 35. Re3 Nf6 36. Bxg3 Bxg3 37. Rgxg3 Rxg3 38. Rxg3 Nxe4 39. Re3 Rd2+
40. Kb1 f5 0-1

[Event "4NCL Division 3s"]
[Site "Daventry Court ENG"]
[Date "2014.01.12"]
[Round "4.69"]
[White "Sharpe, Ian W"]
[Black "Hoare, Amy B"]
[Result "1-0"]
[WhiteElo "2206"]
[BlackElo "1960"]
[PlyCount "121"]
[EventDate "2014.01.12"]
[WhiteTeam "Guildford 3"]
[BlackTeam "Sussex Smart Survivors 1"]

1. Nf3 Nf6 2. g3 d5 3. Bg2 e6 4. O-O Be7 5. b3 O-O 6. Bb2 c5 7. c4 Nc6 8. cxd5
Nxd5 9. Na3 b6 10. Nc4 Bb7 11. Rc1 Rc8 12. d4 cxd4 13. Nxd4 Nxd4 14. Qxd4 Bf6
15. Qd2 Bxb2 16. Qxb2 Qe7 17. Rfd1 Rfd8 18. Ne5 h5 19. Rc4 Nf6 20. Rxc8 Rxc8
21. Bxb7 Qxb7 22. Qd4 Qd5 23. Nf3 Qxd4 24. Rxd4 Kf8 25. e3 Rc2 26. Rd2 Rxd2 27.
Nxd2 Nd5 28. Kf1 Ke7 29. a3 Nc3 30. Ke1 b5 31. f3 Kd6 32. Kf2 a5 33. e4 Kc5 34.
Ke3 Nd1+ 35. Kd3 g6 36. Nb1 Nf2+ 37. Ke3 Nh3 38. Nd2 Ng5 39. f4 Nh7 40. e5 Kd5
41. Ne4 Nf8 42. Nf6+ Kc5 43. Kd3 Kb6 44. Kd4 Kc6 45. b4 axb4 46. axb4 Kb6 47.
h3 Kc6 48. h4 Kb6 49. Ne4 Nh7 50. Nd6 f5 51. Nc8+ Kc7 52. Ne7 Nf8 53. Kc5 Kd7
54. Ng8 Kc7 55. Nf6 Kb7 56. Kxb5 Kc7 57. Ka6 Kb8 58. Kb6 Kc8 59. b5 Kb8 60. Kc6
Kc8 61. b6 1-0

[Event "4NCL Division 3s"]
[Site "Daventry Court ENG"]
[Date "2014.01.12"]
[Round "4.70"]
[White "Willson, Ollie"]
[Black "Kalaiyalahan, Akshaya"]
[Result "1/2-1/2"]
[WhiteElo "1833"]
[BlackElo "1966"]
[PlyCount "119"]
[EventDate "2014.01.12"]
[WhiteTeam "Sussex Smart Survivors 1"]
[BlackTeam "Guildford 3"]

1. d4 d5 2. Nf3 Nf6 3. g3 c6 4. Bg2 Bf5 5. O-O e6 6. b3 h6 7. Bb2 Bd6 8. Nbd2
Nbd7 9. c4 O-O 10. Re1 Ne4 11. Nxe4 dxe4 12. Nd2 Nf6 13. e3 Bb4 14. a3 Bxd2 15.
Qxd2 e5 16. Qc3 exd4 17. exd4 Re8 18. h3 Qd7 19. Kh2 Rad8 20. Rad1 Qc7 21. Rc1
Nh7 22. d5 f6 23. dxc6 Qxc6 24. h4 Nf8 25. c5 Nd7 26. Qc4+ Kh8 27. b4 a6 28.
Rcd1 Nb6 29. Qe2 Rxd1 30. Rxd1 Nc8 31. Qc4 Bg4 32. Re1 Nd6 33. Qc3 Nf7 34. Qe3
Bf5 35. Qf4 Qe6 36. Qe3 Ne5 37. Bxe5 Qxe5 38. f3 exf3 39. Qxe5 Rxe5 40. Rxe5
fxe5 41. Bxf3 e4 42. Be2 g5 43. Kg2 Kg7 44. hxg5 hxg5 45. Bc4 Bd7 46. Kf2 Kf6
47. Ke3 Ke5 48. Bb3 Bc6 49. Bc2 Kf5 50. a4 Ke5 51. Bb3 Bd7 52. Bc2 Bc6 53. Bd1
Kd5 54. Bb3+ Ke5 55. Bc2 Kf5 56. b5 axb5 57. axb5 Bxb5 58. Bxe4+ Kg4 59. Bxb7
Kxg3 60. c6 1/2-1/2

[Event "4NCL Division 3s"]
[Site "Daventry Court ENG"]
[Date "2014.01.12"]
[Round "4.75"]
[White "Hall, John"]
[Black "Zhang, Anthony Y"]
[Result "1/2-1/2"]
[WhiteElo "2268"]
[BlackElo "1886"]
[PlyCount "81"]
[EventDate "2014.01.12"]
[WhiteTeam "Leeds University Old Boys"]
[BlackTeam "Sandhurst Scorpions"]

1. e4 c5 2. Nf3 Nc6 3. d4 cxd4 4. Nxd4 g6 5. Nc3 Bg7 6. Be3 Nf6 7. Bc4 Qa5 8.
O-O O-O 9. Nb3 Qc7 10. Bg5 d6 11. Bxf6 Bxf6 12. Nd5 Qd8 13. Nxf6+ exf6 14. Qd2
Qe7 15. Rfe1 Be6 16. Bd5 Rfe8 17. Rad1 Rad8 18. f4 Qc7 19. Kh1 Kg7 20. c4 Qb6
21. h3 Nb4 22. Nc1 Bxd5 23. exd5 a5 24. b3 Na6 25. Re2 Nc5 26. Rde1 Rxe2 27.
Rxe2 Qc7 28. Nd3 Nxd3 29. Qxd3 Rd7 30. Qe3 a4 31. Qe8 axb3 32. axb3 h5 33. h4
b6 34. f5 gxf5 35. Qe3 Rd8 36. Qg3+ Kh7 37. Qf3 Kg6 38. Re3 Qd7 39. Qg3+ Kh7
40. Qf3 Kg6 41. Qg3+ 1/2-1/2

[Event "4NCL Division 3s"]
[Site "Daventry Court ENG"]
[Date "2014.01.12"]
[Round "4.76"]
[White "Gallagher, Daniel GH"]
[Black "Mossong, Hubert"]
[Result "1/2-1/2"]
[WhiteElo "1802"]
[BlackElo "2112"]
[PlyCount "110"]
[EventDate "2014.01.12"]
[WhiteTeam "Sandhurst Scorpions"]
[BlackTeam "Leeds University Old Boys"]

1. d4 d6 2. Nf3 Bg4 3. c4 c6 4. Nc3 Nd7 5. g3 Ngf6 6. Bg2 e5 7. O-O Be7 8. h3
Bh5 9. Nh4 Bg6 10. d5 c5 11. e4 O-O 12. Nf5 a6 13. Be3 Rb8 14. a4 Ne8 15. Rb1
Bg5 16. b4 Bxf5 17. exf5 Bxe3 18. fxe3 cxb4 19. Rxb4 Nef6 20. Qc2 Nc5 21. Rfb1
Nfd7 22. Ne4 Nxe4 23. Qxe4 Nc5 24. Qg4 h6 25. Be4 Qg5 26. Qxg5 hxg5 27. Bc2
Rfd8 28. a5 Kf8 29. Kf2 Ke7 30. Kf3 Kf6 31. Rb6 Rd7 32. Rh1 Rh8 33. h4 gxh4 34.
Rxh4 Rxh4 35. gxh4 Ke7 36. Kg4 Rd8 37. Kg5 Rh8 38. h5 Rh6 39. Rb1 Kd8 40. Kh4
Ke7 41. Kg5 e4 42. Rf1 Rf6 43. Rf4 Kd7 44. Bxe4 Nb3 45. Bc2 Nxa5 46. Ba4+ Kc7
47. Rg4 Rh6 48. Kh4 Rh7 49. Be8 f6 50. Bg6 Rh8 51. Bf7 Kb6 52. Rxg7 Nxc4 53.
Rg8 Rh6 54. Rg6 Rh8 55. Rg8 Rh6 1/2-1/2

[Event "4NCL Division 3s"]
[Site "Daventry Court ENG"]
[Date "2014.01.12"]
[Round "4.78"]
[White "Golding, James"]
[Black "Taylor, Mark V"]
[Result "1/2-1/2"]
[WhiteElo "1555"]
[BlackElo "2089"]
[PlyCount "84"]
[EventDate "2014.01.12"]
[WhiteTeam "Sandhurst Scorpions"]
[BlackTeam "Leeds University Old Boys"]

1. d4 e6 2. c4 f5 3. Nf3 Nf6 4. Nc3 Be7 5. Bf4 O-O 6. e3 d6 7. Qb3 Nh5 8. Bg3
Bf6 9. O-O-O Qe7 10. Be2 b6 11. Ne1 Nxg3 12. hxg3 Nc6 13. Qc2 a5 14. g4 g6 15.
gxf5 exf5 16. Nd5 Qg7 17. Bf3 Bd7 18. Nxc7 Rac8 19. Bxc6 Rxc7 20. Bd5+ Kh8 21.
a4 b5 22. b3 bxa4 23. bxa4 Rb8 24. Nd3 Bc6 25. Bxc6 Rxc6 26. Rh3 Qf7 27. d5
Rcb6 28. Rdh1 h5 29. Rg3 g5 30. Rxh5+ Qxh5 31. Rh3 Qxh3 32. gxh3 Rb3 33. Kd1
Rc3 34. Qe2 Rb1+ 35. Kd2 Ra3 36. Qh5+ Kg7 37. Ke2 Rba1 38. Ne1 R3a2+ 39. Kf1
Rb2 40. Qe8 Rbb1 41. Qd7+ Kg6 42. Qe8+ Kg7 1/2-1/2

[Event "4NCL Division 3s"]
[Site "Daventry Court ENG"]
[Date "2014.01.12"]
[Round "4.79"]
[White "Deighton, Simon"]
[Black "Samadov, Samir"]
[Result "1-0"]
[WhiteElo "1996"]
[BlackElo "1634"]
[PlyCount "61"]
[EventDate "2014.01.12"]
[WhiteTeam "Leeds University Old Boys"]
[BlackTeam "Sandhurst Scorpions"]

1. d4 d5 2. c4 c6 3. Nf3 Nf6 4. Nc3 dxc4 5. a4 Bf5 6. Ne5 Nbd7 7. Nxc4 Nb6 8.
Ne5 e6 9. a5 Nbd5 10. f3 Bb4 11. Bd2 Bxa5 12. e4 Nxc3 13. bxc3 Bg6 14. Bd3 Bc7
15. Nc4 h5 16. Qe2 Nd7 17. O-O b5 18. Ne3 Nf6 19. Nc2 h4 20. Bg5 Qb8 21. f4 Nh5
22. e5 Bxd3 23. Qxd3 Bd8 24. Nb4 Bxg5 25. fxg5 Qc7 26. Ra6 Qe7 27. Qf3 Rc8 28.
Nxc6 Qd7 29. Rxa7 Qxc6 30. Qxf7+ Kd8 31. Qe7# 1-0

[Event "4NCL Division 3s"]
[Site "Daventry Court ENG"]
[Date "2014.01.12"]
[Round "4.80"]
[White "Purvis, Anna"]
[Black "Birkin, Mark H"]
[Result "0-1"]
[WhiteElo "1483"]
[BlackElo "1927"]
[PlyCount "116"]
[EventDate "2014.01.12"]
[WhiteTeam "Sandhurst Scorpions"]
[BlackTeam "Leeds University Old Boys"]

1. d4 e6 2. c4 f5 3. Nf3 Nf6 4. Nc3 Be7 5. e3 b6 6. Be2 O-O 7. O-O Bb7 8. Bd2
Qe8 9. a3 a5 10. Nb5 Na6 11. h3 Ne4 12. Nc3 d6 13. Qc2 Nb8 14. Rfd1 Nd7 15. b4
Ndf6 16. bxa5 Nxd2 17. Qxd2 Rxa5 18. Qc2 Qd7 19. c5 bxc5 20. dxc5 Rxc5 21. Qb3
Ba8 22. Nd4 Nd5 23. Nxd5 Bxd5 24. Qb4 Bf6 25. Rac1 Rxc1 26. Rxc1 c5 27. Qb5
Qxb5 28. Nxb5 Ra8 29. Nxd6 Rxa3 30. Nb5 Ra1 31. Rxa1 Bxa1 32. Nd6 Kf8 33. f3
Ke7 34. Nc4 Bc3 35. Kf2 Kf7 36. Bd3 Bc6 37. Ke2 Kf6 38. g3 Bb5 39. g4 g6 40.
Nd6 Bxd3+ 41. Kxd3 Bb4 42. Kc4 Kg5 43. Nb7 Kh4 44. Nxc5 Bxc5 45. Kxc5 Kxh3 46.
Kd6 fxg4 47. fxg4 Kxg4 48. e4 h5 49. Kxe6 h4 50. e5 h3 51. Kd7 h2 52. e6 h1=Q
53. e7 Qd5+ 54. Ke8 Qe6 55. Kf8 Qf6+ 56. Ke8 Kf4 57. Kd7 Qxe7+ 58. Kxe7 g5 0-1

[Event "4NCL Division 3s"]
[Site "Daventry Court ENG"]
[Date "2014.01.12"]
[Round "4.85"]
[White "Littlejohns, David P"]
[Black "Horspool, Philip J"]
[Result "1-0"]
[WhiteElo "2024"]
[BlackElo "2025"]
[PlyCount "133"]
[EventDate "2014.01.12"]
[WhiteTeam "West is Best 1"]
[BlackTeam "e2e4.org.uk 3"]

1. e4 e5 2. Nf3 Nc6 3. Bb5 Nd4 4. Nxd4 exd4 5. O-O Bc5 6. a3 a5 7. d3 c6 8. Bc4
d5 9. exd5 cxd5 10. Bb5+ Bd7 11. Re1+ Ne7 12. Bxd7+ Qxd7 13. Nd2 O-O 14. Nf3
Ng6 15. Bd2 Qd6 16. Re2 Rfc8 17. Qe1 a4 18. g3 Qd7 19. Ne5 Nxe5 20. Rxe5 Qc6
21. Rc1 Bd6 22. Re2 Qb5 23. Bb4 Bxb4 24. Qxb4 Qxb4 25. axb4 Kf8 26. Re5 Rd8 27.
Rh5 h6 28. Rh4 a3 29. bxa3 Rxa3 30. Rxd4 Rc3 31. Kf1 Ke7 32. Ke2 Ke6 33. Kd2
Rdc8 34. b5 Ke5 35. Rb4 d4 36. Rb2 R3c7 37. Re1+ Kf6 38. Re4 Rd7 39. Rb4 Rcd8
40. Rc4 Kg6 41. b6 Rd6 42. Rc7 R8d7 43. Rxd7 Rxd7 44. c3 dxc3+ 45. Kxc3 Rd6 46.
Rb4 Kf6 47. d4 Rc6+ 48. Kd3 Ke6 49. h4 Rc1 50. Ke4 Re1+ 51. Kf4 Kd5 52. f3 Re6
53. g4 Re1 54. g5 hxg5+ 55. hxg5 Re6 56. Kf5 g6+ 57. Kf4 Re1 58. Ra4 Kc6 59.
Rb4 Kd5 60. Ra4 Kc6 61. Rc4+ Kxb6 62. d5 Re8 63. d6 Kb5 64. Rc7 Rf8 65. d7 Rd8
66. Ke5 Kb6 67. Kd6 1-0

[Event "4NCL Division 3s"]
[Site "Daventry Court ENG"]
[Date "2014.01.12"]
[Round "4.86"]
[White "Ganger, Rajan"]
[Black "Edgell, Ben P"]
[Result "1/2-1/2"]
[WhiteElo "1991"]
[BlackElo "2091"]
[PlyCount "69"]
[EventDate "2014.01.12"]
[WhiteTeam "e2e4.org.uk 3"]
[BlackTeam "West is Best 1"]

1. e4 e5 2. Nf3 Nc6 3. Bb5 a6 4. Ba4 d6 5. Bxc6+ bxc6 6. d4 exd4 7. Qxd4 Be6 8.
c4 d5 9. cxd5 cxd5 10. exd5 Qxd5 11. O-O Qxd4 12. Nxd4 O-O-O 13. Nxe6 fxe6 14.
Nc3 Nf6 15. Bg5 Bb4 16. Bxf6 gxf6 17. Ne4 Be7 18. Rac1 Kb7 19. Nc5+ Bxc5 20.
Rxc5 Rd6 21. Rfc1 Rc8 22. Kf1 c6 23. Ke2 Rcd8 24. R1c2 e5 25. R5c3 a5 26. g3
Kb6 27. Ke3 R8d7 28. Rb3+ Kc7 29. Rbc3 Kb6 30. h4 Kb7 31. a3 Kb6 32. Ke4 Rd4+
33. Ke3 R7d6 34. Rb3+ Kc7 35. Rbc3 1/2-1/2

[Event "4NCL Division 3s"]
[Site "Daventry Court ENG"]
[Date "2014.01.12"]
[Round "4.87"]
[White "Hassall, Mark I"]
[Black "Arkell, Nicholas D"]
[Result "1-0"]
[WhiteElo "1942"]
[BlackElo "1927"]
[PlyCount "47"]
[EventDate "2014.01.12"]
[WhiteTeam "West is Best 1"]
[BlackTeam "e2e4.org.uk 3"]

1. e4 d6 2. d4 Nf6 3. Nc3 g6 4. f4 Bg7 5. Nf3 a6 6. Bd3 Bg4 7. h3 Bxf3 8. Qxf3
Nfd7 9. Be3 c5 10. dxc5 Nxc5 11. O-O O-O 12. Rad1 Qa5 13. b4 Qd8 14. bxc5 Bxc3
15. cxd6 exd6 16. Bc4 Qc7 17. Bb3 Nc6 18. f5 Ne5 19. Qg3 Nc4 20. Bh6 Be5 21.
Qh4 Rfc8 22. Rd5 b5 23. Kh1 Ra7 24. Rxe5 1-0

[Event "4NCL Division 3s"]
[Site "Daventry Court ENG"]
[Date "2014.01.12"]
[Round "4.88"]
[White "Garnett, John S"]
[Black "Richardt, Mike"]
[Result "1/2-1/2"]
[WhiteElo "1999"]
[BlackElo "1957"]
[PlyCount "38"]
[EventDate "2014.01.12"]
[WhiteTeam "e2e4.org.uk 3"]
[BlackTeam "West is Best 1"]

1. c4 e5 2. g3 Nf6 3. Bg2 d5 4. cxd5 Nxd5 5. Nf3 Nc6 6. O-O Nb6 7. d3 Be7 8.
Nbd2 Be6 9. a3 Qd7 10. b4 f6 11. Bb2 a6 12. Qc2 O-O 13. Rfd1 Rfd8 14. Nb3 Na4
15. Nc5 Nxc5 16. bxc5 Bd5 17. d4 e4 18. Nd2 f5 19. e3 Qe6 1/2-1/2

[Event "4NCL Division 3s"]
[Site "Daventry Court ENG"]
[Date "2014.01.12"]
[Round "4.89"]
[White "Taylor, William J"]
[Black "Taylor, Dale C"]
[Result "1/2-1/2"]
[WhiteElo "2003"]
[BlackElo "1937"]
[PlyCount "90"]
[EventDate "2014.01.12"]
[WhiteTeam "West is Best 1"]
[BlackTeam "e2e4.org.uk 3"]

1. e4 c5 2. Nf3 Nc6 3. d4 cxd4 4. Nxd4 Nf6 5. Nc3 e6 6. Be2 Bb4 7. Nxc6 bxc6 8.
e5 Ne4 9. Qd4 Qa5 10. Bd2 Nxd2 11. Kxd2 O-O 12. a3 Bxc3+ 13. Qxc3 Qd5+ 14. Bd3
f6 15. exf6 Rxf6 16. Raf1 Ba6 17. Rhg1 c5 18. Kc1 Bxd3 19. Qxd3 Qxd3 20. cxd3
d5 21. f4 Kf7 22. g3 Ke7 23. Kd2 Kd6 24. b4 Rb8 25. Rb1 cxb4 26. axb4 e5 27. b5
g6 28. Rgc1 Rb6 29. Ke3 exf4+ 30. gxf4 Rf8 31. Ra1 Rf7 32. Ra6 Rfb7 33. Rc6+
Rxc6 34. Rxc6+ Kd7 35. Rc5 Ke6 36. Kd4 Rd7 37. Rc6+ Kf5 38. Kc5 Kxf4 39. d4 Ke4
40. Re6+ Kd3 41. Re5 Rc7+ 42. Kxd5 Rd7+ 43. Kc5 Rxd4 44. Re7 Ra4 45. Rxh7 g5
1/2-1/2

[Event "4NCL Division 3s"]
[Site "Daventry Court ENG"]
[Date "2014.01.12"]
[Round "4.90"]
[White "Truman, Richard G"]
[Black "Dydak, Mateusz"]
[Result "1-0"]
[WhiteElo "1953"]
[BlackElo "1928"]
[PlyCount "43"]
[EventDate "2014.01.12"]
[WhiteTeam "e2e4.org.uk 3"]
[BlackTeam "West is Best 1"]

1. d4 f5 2. Bg5 g6 3. Nd2 d5 4. e3 Bg7 5. c4 c6 6. Ne2 h6 7. Bh4 Be6 8. Nf4 Bf7
9. cxd5 cxd5 10. Qb3 g5 11. Qxb7 Nd7 12. Nxd5 Rb8 13. Nc7+ Kf8 14. Qxa7 gxh4
15. Bc4 Bxc4 16. Nxc4 Kf7 17. Qa5 e6 18. d5 exd5 19. Qxd5+ Kg6 20. Ne6 Ngf6 21.
Nf4+ Kg5 22. Qf7 1-0

[Event "4NCL Division 3s"]
[Site "Daventry Court ENG"]
[Date "2014.01.12"]
[Round "4.95"]
[White "Maciol, Ryszard"]
[Black "Gibson, Christopher A"]
[Result "1/2-1/2"]
[WhiteElo "2189"]
[BlackElo "2010"]
[PlyCount "98"]
[EventDate "2014.01.12"]
[WhiteTeam "Celtic Tigers 1"]
[BlackTeam "The Rookies"]

1. d4 d5 2. c4 e6 3. Nc3 c6 4. cxd5 exd5 5. Bf4 Bf5 6. e3 Nf6 7. Bd3 Bxd3 8.
Qxd3 Be7 9. Nf3 Nbd7 10. h3 O-O 11. O-O Re8 12. Rab1 Nf8 13. b4 a6 14. a4 b5
15. Rfc1 Rc8 16. Ne2 N8d7 17. Ng3 g6 18. Rc2 Nb6 19. Ne5 Nc4 20. Bh6 Nd7 21. f4
f5 22. Nf1 Bf8 23. Bxf8 Rxf8 24. Nd2 Ndb6 25. a5 Nd7 26. Ndf3 Nf6 27. Kh2 Ne4
28. g4 Qd6 29. Rg2 Qe7 30. Qb3 Ned6 31. Rbg1 Kh8 32. Ng5 Rg8 33. Rg3 Rg7 34.
Ngf3 Kg8 35. R3g2 Kh8 36. Ne1 Rc7 37. Rg3 Ne4 38. R3g2 Ned6 39. Nc2 Rc8 40.
gxf5 Nxf5 41. Qd3 Ncd6 42. Rg4 Rc7 43. Qe2 Qe8 44. Ne1 Qe7 45. Qf3 Ne4 46. N1d3
Nf6 47. Rg5 Ne4 48. R5g4 Nf6 49. Rg5 Ne4 1/2-1/2

[Event "4NCL Division 3s"]
[Site "Daventry Court ENG"]
[Date "2014.01.12"]
[Round "4.96"]
[White "Jones, Christopher M"]
[Black "Pedersen, Carsten"]
[Result "1/2-1/2"]
[WhiteElo "2077"]
[BlackElo "2146"]
[PlyCount "35"]
[EventDate "2014.01.12"]
[WhiteTeam "The Rookies"]
[BlackTeam "Celtic Tigers 1"]

1. e4 e6 2. c4 d5 3. exd5 exd5 4. cxd5 Nf6 5. Nc3 Nxd5 6. Bc4 Nb6 7. Bb3 Be7 8.
d4 O-O 9. Nge2 N8d7 10. O-O Nf6 11. Qd3 Nbd5 12. Nf4 Nxf4 13. Bxf4 Bd6 14. Bxd6
Qxd6 15. Nb5 Qb6 16. Rac1 c6 17. Nd6 Nd5 18. Bxd5 1/2-1/2

[Event "4NCL Division 3s"]
[Site "Daventry Court ENG"]
[Date "2014.01.12"]
[Round "4.97"]
[White "Quinn, John M"]
[Black "Piper, Stephen J"]
[Result "1-0"]
[WhiteElo "2133"]
[BlackElo "2057"]
[PlyCount "85"]
[EventDate "2014.01.12"]
[WhiteTeam "Celtic Tigers 1"]
[BlackTeam "The Rookies"]

1. d4 Nf6 2. c4 e6 3. Nc3 d5 4. Bg5 Be7 5. e3 c6 6. Nf3 Nbd7 7. Rc1 O-O 8. Bd3
dxc4 9. Bxc4 b5 10. Bd3 a6 11. e4 h6 12. Bxf6 Nxf6 13. O-O Bb7 14. e5 Nd7 15.
Ne4 Qb6 16. Bb1 Rfd8 17. Qc2 Nf8 18. Nc5 Rac8 19. b4 Rc7 20. h4 Bc8 21. Rfe1
Bd7 22. Re3 Be8 23. Qe4 a5 24. a3 axb4 25. axb4 Ra7 26. Qg4 Rda8 27. Nd2 h5 28.
Qf4 Qd8 29. Nf3 Ra1 30. Rb3 R8a3 31. Rxa3 Rxa3 32. Ng5 Ra7 33. Kh2 Qd5 34. Be4
Qa2 35. Qf3 Qb2 36. Rc2 Qxd4 37. Bxc6 Qxe5+ 38. g3 Bxc6 39. Qxf7+ Kh8 40. Qxh5+
Kg8 41. Qf7+ Kh8 42. Ncxe6 Be4 43. Rc8 1-0

[Event "4NCL Division 3s"]
[Site "Daventry Court ENG"]
[Date "2014.01.12"]
[Round "4.98"]
[White "Jaszkiwskyj, Peter"]
[Black "Way, Julian M"]
[Result "0-1"]
[WhiteElo "1963"]
[BlackElo "1993"]
[PlyCount "80"]
[EventDate "2014.01.12"]
[WhiteTeam "The Rookies"]
[BlackTeam "Celtic Tigers 1"]

1. d4 d5 2. Nf3 Nf6 3. Bf4 e6 4. e3 Bd6 5. Ne5 O-O 6. c4 c5 7. Nc3 a6 8. Rc1
Nc6 9. Nxc6 bxc6 10. Bxd6 Qxd6 11. Be2 Rb8 12. b3 e5 13. Na4 exd4 14. exd4 Re8
15. O-O cxd4 16. c5 Qf4 17. Re1 Bf5 18. g3 Qh6 19. Nb2 Ne4 20. Qxd4 Ng5 21. Bg4
Re4 22. Rxe4 Nh3+ 23. Kg2 Bxe4+ 24. f3 Qxc1 25. fxe4 Ng5 26. exd5 Qc2+ 27. Kf1
cxd5 28. Qe5 Qc1+ 29. Kg2 Qd2+ 30. Kf1 Rf8 31. c6 Ne4 32. Be2 Qc1+ 33. Kg2 Qxc6
34. Bd3 Nf6 35. Qd4 Re8 36. Na4 h5 37. Nc5 a5 38. a4 Rc8 39. Na6 Qc3 40. Qe3
Qb2+ 0-1

[Event "4NCL Division 3s"]
[Site "Daventry Court ENG"]
[Date "2014.01.12"]
[Round "4.99"]
[White "Evans, Craig J"]
[Black "Conterno, Dominique"]
[Result "1-0"]
[WhiteElo "1962"]
[BlackElo "1836"]
[PlyCount "51"]
[EventDate "2014.01.12"]
[WhiteTeam "Celtic Tigers 1"]
[BlackTeam "The Rookies"]

1. e4 d6 2. d4 Nf6 3. Nc3 g6 4. Be2 Bg7 5. g4 O-O 6. g5 Nfd7 7. h4 c5 8. d5 Re8
9. Be3 Nf8 10. Qd2 e6 11. Bg4 Na6 12. Nge2 Nc7 13. dxe6 Bxe6 14. Bxe6 Nfxe6 15.
O-O-O Bf8 16. f4 b5 17. f5 b4 18. fxe6 bxc3 19. exf7+ Kxf7 20. Nxc3 Kg8 21. Qh2
Qd7 22. h5 Qg7 23. hxg6 hxg6 24. Bf4 Rad8 25. Rd3 Be7 26. Rh3 1-0

[Event "4NCL Division 3s"]
[Site "Daventry Court ENG"]
[Date "2014.01.12"]
[Round "4.105"]
[White "Fegan, Chris"]
[Black "Thomas, Rik H"]
[Result "0-1"]
[WhiteElo "2057"]
[BlackElo "2187"]
[PlyCount "67"]
[EventDate "2014.01.12"]
[WhiteTeam "BCM Hippos (3)"]
[BlackTeam "Kings Head 2"]

1. d4 g6 2. e3 Bg7 3. f4 d6 4. Nf3 Nf6 5. Bd3 O-O 6. O-O c5 7. c3 Nc6 8. a3 e5
9. Bc2 e4 10. Nfd2 cxd4 11. cxd4 d5 12. Nc3 Re8 13. Nb3 b6 14. Bd2 Bf8 15. h3
h5 16. Be1 Be7 17. Bh4 Ba6 18. Ne2 Rc8 19. f5 Nh7 20. fxg6 fxg6 21. Bg3 Rf8 22.
Rxf8+ Qxf8 23. Nf4 Qf7 24. Nd2 h4 25. Bf2 Nxd4 26. Bb1 g5 27. Qa4 Rc1+ 28. Kh2
gxf4 29. Qxd4 fxe3 30. Nxe4 exf2 31. Nxf2 Bd6+ 32. g3 Bxg3+ 33. Kg2 Bf1+ 34.
Kh1 0-1

[Event "4NCL Division 3s"]
[Site "Daventry Court ENG"]
[Date "2014.01.12"]
[Round "4.107"]
[White "Lawson, Maurice E"]
[Black "Davey, Mark"]
[Result "0-1"]
[WhiteElo "1918"]
[BlackElo "1984"]
[PlyCount "108"]
[EventDate "2014.01.12"]
[WhiteTeam "BCM Hippos (3)"]
[BlackTeam "Kings Head 2"]

1. e4 Nf6 2. e5 Nd5 3. c4 Nb6 4. d4 d6 5. exd6 cxd6 6. Nc3 g6 7. Be3 Nc6 8. Rc1
Bg7 9. Be2 d5 10. cxd5 Nxd5 11. Nxd5 Qxd5 12. Bf3 Qa5+ 13. Bd2 Qb6 14. Bxc6+
bxc6 15. Qf3 Bb7 16. Ne2 Qxb2 17. Bc3 Qb5 18. d5 Bxc3+ 19. Qxc3 O-O 20. dxc6
Rac8 21. c7 Bxg2 22. Rg1 Ba8 23. Rg3 Rfe8 24. Rd3 Rxc7 25. Qxc7 Qxd3 26. Rd1
Qe4 27. Rd8 Qb1+ 28. Nc1 Rxd8 29. Qxd8+ Kg7 30. Qd4+ f6 31. Kd2 Qb7 32. Nd3 g5
33. Nc5 Qd5 34. Qxd5 Bxd5 35. a4 Kf7 36. Kc3 e5 37. Kb4 Ke7 38. Kb5 Kd6 39. Nd3
Bc6+ 40. Ka5 Bb7 41. Nb2 Kc5 42. Nd3+ Kc4 43. Nb4 f5 44. Nc2 f4 45. Na3+ Kc5
46. Nb5 e4 47. Nc7 Bc8 48. Nb5 e3 49. fxe3 fxe3 50. Nc3 Bb7 51. h4 gxh4 52. Nd1
e2 53. Nc3 e1=R 54. Ne4+ Bxe4 0-1

[Event "4NCL Division 3s"]
[Site "Daventry Court ENG"]
[Date "2014.01.12"]
[Round "4.108"]
[White "Gilfillan, Andrew"]
[Black "Fowler, David W"]
[Result "1-0"]
[WhiteElo "1935"]
[BlackElo "1867"]
[PlyCount "39"]
[EventDate "2014.01.12"]
[WhiteTeam "Kings Head 2"]
[BlackTeam "BCM Hippos (3)"]

1. f4 e5 2. fxe5 d6 3. Nf3 g5 4. e4 g4 5. Bc4 gxf3 6. Qxf3 Be6 7. Bxe6 fxe6 8.
O-O Ne7 9. d4 Kd7 10. d5 exd5 11. Qh3+ Kc6 12. Qc3+ Kb6 13. exd6 Qxd6 14. Rf6
Ng6 15. Be3+ Ka6 16. Qa3+ Kb5 17. c4+ dxc4 18. Nc3+ Kc6 19. Qa4+ b5 20. Qxb5#
1-0

[Event "4NCL Division 3s"]
[Site "Daventry Court ENG"]
[Date "2014.01.12"]
[Round "4.110"]
[White "Disu, Kayode"]
[Black "Grieve, Harry"]
[Result "1-0"]
[WhiteElo "1881"]
[BlackElo "1687"]
[PlyCount "137"]
[EventDate "2014.01.12"]
[WhiteTeam "Kings Head 2"]
[BlackTeam "BCM Hippos (3)"]

1. c4 e5 2. Nc3 Nc6 3. g3 Nf6 4. Bg2 Bb4 5. e4 Bc5 6. d3 d6 7. h3 Be6 8. Nge2
Nd4 9. Be3 c6 10. a3 Nxe2 11. Qxe2 Bxe3 12. Qxe3 Qb6 13. b4 Qxe3+ 14. fxe3 Rd8
15. Rc1 O-O 16. O-O d5 17. exd5 cxd5 18. c5 Rd7 19. d4 e4 20. Rf2 Rc8 21. Bf1
Ne8 22. Bb5 Re7 23. Bxe8 Rexe8 24. Kg2 a6 25. Na4 Rc7 26. Nb6 Rd8 27. Rfc2 Rc6
28. a4 Kf8 29. b5 axb5 30. axb5 Rc7 31. Ra1 Bd7 32. Ra5 Ke8 33. g4 Be6 34. Ra7
Rb8 35. Rca2 Ke7 36. Kg3 f6 37. Na8 Rd7 38. b6 Kd8 39. Nc7 Rxc7 40. bxc7+ Kxc7
41. Ra8 Bd7 42. h4 h6 43. h5 Kc8 44. Kf4 Kc7 45. Rxb8 Kxb8 46. Rb2 Kc7 47. Rb6
Be8 48. Rd6 Bf7 49. Kf5 Kc8 50. Kf4 Kc7 51. Kg3 Bg8 52. Kf2 Bf7 53. Rb6 Bg8 54.
Rb1 Be6 55. Kg3 Bf7 56. Ra1 Kb8 57. Kf4 Be6 58. Rh1 Kc7 59. g5 hxg5+ 60. Kg3
Kd8 61. h6 gxh6 62. Rxh6 Ke7 63. Rh7+ Bf7 64. Kg4 Ke6 65. Rh8 Kd7 66. Kf5 Ke7
67. Rb8 Be6+ 68. Kg6 Bf7+ 69. Kg7 1-0